000 00765nam a22001937a 4500
005 20251108164152.0
008 250721s1997 xx 000 0 ara d
082 1 4 _a342.0309565/ندو
100 1 _aالدباس، حامد
_eمحرر
111 2 _aندوة الميثاق الوطني و قضايا التحول الديموقراطي في الأردن (1996 : عمان)
245 1 0 _aالميثاق الوطني و قضايا التحول الديموقراطي في الأردن :
_bبحوث و مناقشات ندوة الميثاق /
264 1 _aعمان :
_bدار سندباد،
_c1997.
300 _a234ص.
650 1 7 _aالمواثيق
650 1 7 _aالأردن
650 1 7 _aالأحوال السياسية
942 _2ddc
_cBK
999 _c5370
_d5370